000 00543nam a2200181Ia 4500
008 090124s9999 xx 000 0 und d
082 _b29963
100 _aतुपे उत्तम बंडू
245 _a कोंबारा
250 _a0
260 _bशशीदीप प्रकाशन
_c1991
300 _a187
600 _aतुपे उत्तम बंडू
630 _a कोंबारा
700 _aतुपे उत्तम बंडू
730 _a कोंबारा
942 _cBOOK
999 _c95048
_d95048